Thi pháp thơ Đường /
Saved in:
| Main Author: | |
|---|---|
| Format: | Book (Paper) |
| Language: | Vietnamese |
| Published: |
Huế :
Thuận hóa ,
1995
|
| Subjects: | |
| Tags: |
Add Tag
No Tags, Be the first to tag this record!
|
| Institutions: | Thư viện Trường Đại học Đà Lạt |
|---|
| LEADER | 00730nam a2200301 4500 | ||
|---|---|---|---|
| 001 | DLU020015369 | ||
| 005 | ##8/13/2000 | ||
| 020 | # | # | |a 978- |
| 041 | # | # | |a vie |
| 082 | # | # | |a 808.1 |b NG-H |
| 090 | # | # | |a 808.1 |b NG-H |
| 100 | # | # | |a Nguyễn Thị Bính Hải |
| 245 | # | # | |a Thi pháp thơ Đường / |c Nguyễn Thị Bính Hải |
| 260 | # | # | |a Huế : |b Thuận hóa , |c 1995 |
| 300 | # | # | |a 277 tr.; |c 19 cm. |
| 653 | # | # | |a Nghiên cứu văn học |
| 653 | # | # | |a Thơ Đường |
| 653 | # | # | |a Thi pháp |
| 653 | # | # | |a Văn học Trung Quốc |
| 992 | # | # | |a 19500 |
| 994 | # | # | |a DLU |
| 900 | # | # | |a False |
| 911 | # | # | |a Administrator |
| 925 | # | # | |a G |
| 926 | # | # | |a A |
| 927 | # | # | |a SH |
| 980 | # | # | |a Thư viện Trường Đại học Đà Lạt |